Normal view
MARC view
- AVSCOT
Entry Personal Name
001 - CONTROL NUMBER
- control field: 104057
003 - CONTROL NUMBER IDENTIFIER
- control field: NUST
005 - DATE AND TIME OF LATEST TRANSACTION
- control field: 20221202183146.0
008 - FIXED-LENGTH DATA ELEMENTS
- fixed length control field: 221202|| aca||aabn | a|a d
040 ## - CATALOGING SOURCE
- Original cataloging agency: NUST
- Transcribing agency: NUST
100 ## - HEADING--PERSONAL NAME
- Personal name: AVSCOT
670 ## - SOURCE DATA FOUND
- Source citation: Work cat.: (NUST)193689: AVSCOT, Enrichment or confusion? /, 1991
